| 000 | 00525nam a2200193Ii 4500 | ||
|---|---|---|---|
| 003 | JO-AjNU | ||
| 008 | 230606s9999||||xx |||||||||||||| ||und|| | ||
| 020 | _a978-0-19-954352-6 | ||
| 040 |
_aJO-AjNU _beng _erda _cJO-AjNU |
||
| 041 | _aeng | ||
| 050 | 1 | 4 | _aKD661.V65.2009 |
| 100 | 3 |
_aVollans ،Tim, _eauthor _92811 |
|
| 245 | 0 | 0 | _aEnglish Legal System |
| 264 | 3 | 1 | _aNew York : Oxford ، 2009 |
| 300 | _a182p | ||
| 336 |
_atext _btxt _2rdacontent |
||
| 337 |
_aunmediated _bn _2rdamedia |
||
| 338 |
_avolume _bnc _2rdacarrier |
||
| 999 |
_aE1473 _c1473 _d1473 |
||